000 00259nam a2200109Ia 4500
005 20251222113741.0
008 251222s1900||||xx |||||||||||||| ||spa||
082 _aDVD0070/C68/1967
245 0 _aAl maestro con cariƱo
264 _bColumbia Pictures
942 _cDVD
999 _c611
_d611